书目信息 |
| 题名: |
管理者非理性与公司投资行为的研究
|
|
| 作者: | 叶玲 著 | |
| 分册: | ||
| 出版信息: | 西安 西安电子科技大学出版社 2015.09 |
|
| 页数: | 204页 | |
| 开本: | 23cm | |
| 丛书名: | ||
| 单 册: | ||
| 中图分类: | F279.246 | |
| 科图分类: | ||
| 主题词: | 上市公司--shang shi gong si--投资行为--研究--中国 | |
| 电子资源: | ||
| ISBN: | 978-7-5606-3826-3 | |
| 000 | 01026nam0 2200265 450 | |
| 001 | CA2016000864 | |
| 005 | 20201117081356.95 | |
| 010 | @a978-7-5606-3826-3@dCNY28.00 | |
| 100 | @a20151030d2015 em y0chiy50 ea | |
| 101 | 0 | @achi |
| 102 | @aCN@b610000 | |
| 105 | @aak a 000yy | |
| 106 | @ar | |
| 200 | 1 | @a管理者非理性与公司投资行为的研究@Aguan li zhe fei li xing yu gong si tou zi xing wei de yan jiu@f叶玲著@Fye ling zhu |
| 210 | @a西安@c西安电子科技大学出版社@d2015.09 | |
| 215 | @a204页@c图@d23cm | |
| 320 | @a有书目 (第195-204页) | |
| 330 | @a本书借鉴国内外最新的研究成果, 对我国企业的公司管理者非理性对投资行为反影响进行了深入探讨, 用实证检验了我国上市公司管理者过度自信、羊群效应和沉没成本效益应与企业投资之间的关系及其企业业绩或价值的影响。 | |
| 540 | @a管理者非理性与公司投资行为的研究 | |
| 606 | 0 | @a上市公司@Ashang shi gong si@x投资行为@x研究@y中国 |
| 690 | @aF279.246@v5 | |
| 701 | 0 | @a叶玲@Aye ling@4著 |
| 801 | @aCN | |
| 901 | @a20 | |
| 905 | @a河南城建学院图书馆@b1293045-7@dF279.246@eY438@f3 | |
| 管理者非理性与公司投资行为的研究/叶玲著.-西安:西安电子科技大学出版社,2015.09 |
| 204页:图;23cm |
| ISBN 978-7-5606-3826-3:CNY28.00 |
| 本书借鉴国内外最新的研究成果, 对我国企业的公司管理者非理性对投资行为反影响进行了深入探讨, 用实证检验了我国上市公司管理者过度自信、羊群效应和沉没成本效益应与企业投资之间的关系及其企业业绩或价值的影响。 |
| ● |
| 相关链接 |
|
|
|
正题名:管理者非理性与公司投资行为的研究
索取号:F279.246/Y438
 
预约/预借
| 序号 | 登录号 | 条形码 | 馆藏地/架位号 | 状态 | 备注 |
| 1 | 1293045 | 212930454 | 社科库409/422社科库 47排1列4层/ [索取号:F279.246/Y438] | 在馆 | |
| 2 | 1293046 | 212930461 | 社科库409/409社科库 101排3列3层/ [索取号:F279.246/Y438] | 在馆 | |
| 3 | 1293047 | 212930478 | 社科库409/409社科库 101排3列3层/ [索取号:F279.246/Y438] | 在馆 |